[Event "Moia op 4th"]
[Site "Moia"]
[Date "2015.11.06"]
[Round "8"]
[White "Nadal Rebarter, Joan"]
[Black "Sola Lluch, Miquel"]
[Result "1/2-1/2"]
[WhiteElo "1937"]
[BlackElo "2027"]
[PlyCount "63"]
[EventDate "2015.09.18"]
[EventType "swiss"]
[EventRounds "8"]
[EventCountry "ESP"]
[SourceTitle "EXT 2017"]
[Source "ChessBase"]
[SourceDate "2016.10.25"]
[SourceVersion "1"]
[SourceVersionDate "2016.10.25"]
[SourceQuality "1"]

1. e4 e5 2. Nf3 Nc6 3. Bb5 a6 4. Ba4 Nf6 5. Qe2 d6 6. c3 Be7 7. 0-0 Bg4 8. Rd1 0-0 9. d3 Nd7 10. Nbd2 f5 11. h3 Bxf3 12. Nxf3 fxe4 13. dxe4 Kh8 14. Be3 Qe8 15. Nh2 Qg6 16. Bc2 Bg5 17. Nf1 Nf6 18. Ng3 Bxe3 19. Qxe3 Nh5 20. Nxh5 Qxh5 21. Rd2 Rf6 22. Rf1 Raf8 23. Bd1 Qh4 24. Bg4 Qh6 25. Qxh6 Rxh6 26. Rd3 Rhf6 27. Rf3 Ne7 28. Rd1 Kg8 29. Rdd3 Rxf3 30. Rxf3 Rxf3 31. Bxf3 Kf7 32. Kf1 1/2-1/2

[Event "Moia op 3rd"]
[Site "Moia"]
[Date "2014.11.14"]
[Round "8"]
[White "Nadal Rebarter, Joan"]
[Black "Marin, Claudiu Cristian"]
[Result "1-0"]
[WhiteElo "1849"]
[BlackElo "1744"]
[PlyCount "83"]
[EventDate "2014.09.19"]
[EventType "swiss"]
[EventRounds "8"]
[EventCountry "ESP"]
[SourceTitle "EXT 2016"]
[Source "ChessBase"]
[SourceDate "2015.10.08"]
[SourceVersion "1"]
[SourceVersionDate "2015.10.08"]
[SourceQuality "1"]

1. e4 e6 2. d4 d5 3. e5 c5 4. c3 Qb6 5. Nf3 Nc6 6. a3 c4 7. Nbd2 Na5 8. g3 Bd7 9. Bg2 Nh6 10. 0-0 f6 11. exf6 gxf6 12. Re1 0-0-0 13. Bh3 Nf7 14. Rb1 e5 15. Bxd7+ Rxd7 16. dxe5 fxe5 17. Nxe5 Nxe5 18. Rxe5 Bc5 19. Rf5 Bxf2+ 20. Kg2 Be3 21. Nf3 Re8 22. Bxe3 Rxe3 23. Nd4 Nb3 24. Qg4 Nxd4 25. Rf8+ Kc7 26. Qf4+ Qd6 27. Qxe3 Qxf8 28. Qxd4 Qe8 29. Qf4+ Kc6 30. Qf3 Rf7 31. Qd1 Qe4+ 32. Kh3 Rf6 33. Qh5 Qxb1 34. Qe8+ Kd6 35. Qd8+ Ke6 36. Qe8+ Kf5 37. Qh5+ Ke6 38. Qe8+ Kf5 39. Qh5+ Ke4 40. Qxh7+ Rf5 41. Qh4+ Ke5 42. Qe7# 1-0

[Event "Moia op 3rd"]
[Site "Moia"]
[Date "2014.11.07"]
[Round "7"]
[White "Mas Sayos, Lluis"]
[Black "Nadal Rebarter, Joan"]
[Result "1-0"]
[WhiteElo "1823"]
[BlackElo "1849"]
[PlyCount "123"]
[EventDate "2014.09.19"]
[EventType "swiss"]
[EventRounds "8"]
[EventCountry "ESP"]
[SourceTitle "EXT 2016"]
[Source "ChessBase"]
[SourceDate "2015.10.08"]
[SourceVersion "1"]
[SourceVersionDate "2015.10.08"]
[SourceQuality "1"]

1. Nf3 Nf6 2. g3 d5 3. Bg2 g6 4. c4 Bg7 5. cxd5 Nxd5 6. 0-0 0-0 7. e4 Nb6 8. d4 Bg4 9. e5 Nc6 10. Be3 Nc4 11. h3 Bxf3 12. Bxf3 e6 13. b3 Nb6 14. Nc3 Nd5 15. Qd2 Nxe3 16. Qxe3 Qxd4 17. Qxd4 Nxd4 18. Bxb7 Rab8 19. Ba6 Bxe5 20. Rac1 Rfd8 21. Kg2 Rb6 22. Bc4 Rbd6 23. Ne4 R6d7 24. Nc5 Re7 25. Rfe1 Bg7 26. Rcd1 Ree8 27. Rd3 Kf8 28. Na6 Nc2 29. Red1 Rxd3 30. Bxd3 Nd4 31. Nxc7 Rd8 32. Bc4 Ke7 33. Na6 Nc6 34. Rxd8 Kxd8 35. Nc5 Bd4 36. Ne4 Ke7 37. f4 e5 38. Kf3 exf4 39. gxf4 f5 40. Nf2 Bc5 41. Nd3 Bd6 42. a4 h6 43. h4 h5 44. Ke3 Bc7 45. Bd5 Bb6+ 46. Kd2 Nd4 47. Ne5 Kf6 48. Nd7+ Ke7 49. Nxb6 axb6 50. b4 Kd6 51. Bf7 Nf3+ 52. Ke2 Nxh4 53. Kf2 Ke7 54. a5 bxa5 55. bxa5 Kxf7 56. a6 Kf6 57. a7 g5 58. a8Q Ng6 59. Qc6+ Kf7 60. fxg5 Kg7 61. Qf6+ Kh7 62. Qf7+ 1-0

[Event "Santa Eugenia op 9th"]
[Site "Santa Eugenia"]
[Date "2014.04.25"]
[Round "1"]
[White "Nadal Rebarter, Joan"]
[Black "Huici Bentue, David"]
[Result "1-0"]
[WhiteElo "1839"]
[BlackElo "2167"]
[PlyCount "45"]
[EventDate "2014.04.25"]
[EventType "swiss"]
[EventRounds "9"]
[EventCountry "ESP"]
[SourceTitle "EXT 2015"]
[Source "ChessBase"]
[SourceDate "2014.11.20"]
[SourceVersion "1"]
[SourceVersionDate "2014.11.20"]
[SourceQuality "1"]

1. e4 d5 2. exd5 Qxd5 3. Nc3 Qd8 4. d4 c6 5. Nf3 Nf6 6. Be3 Bf5 7. Bd3 Bxd3 8. Qxd3 e6 9. 0-0-0 Qa5 10. Ne5 Nbd7 11. f4 Bb4 12. Kb1 Rd8 13. Ne2 0-0 14. c3 Be7 15. Qc2 Qc7 16. h3 b5 17. g4 Nb6 18. Bc1 Nfd5 19. g5 Bd6 20. Rhg1 Bxe5 21. fxe5 Nc4 22. Rd3 Rb8 23. h4 1-0